000 00654cam a22002413a 4500
001 23816
003 PGUSA
005 20140828083516.0
008 071211s2007||||xxu|||||s|||||000 | eng d
040 _aPGUSA
_beng
042 _adc
050 4 _aBJ
100 1 _aZhu, Yongchun,
_d1617-1689
245 1 0 _a朱子治家格言
_h[electronic resource] /
_cYongchun Zhu
260 _bProject Gutenberg,
_c2007
506 _aPublic domain in the USA.
516 _aElectronic text
653 _aEthics -- China
740 0 _aZhuzi zhi jia ge yan
830 0 _aProject Gutenberg
_v23816
856 4 0 _uhttp://www.gutenberg.org/ebooks/23816
942 _cEB
999 _c253071
_d253071